[Event "FRA-chT Top 16 GpA"]
[Site "Belfort"]
[Date "2025.05.24"]
[Round "3.2"]
[White "Rathanvel, VS."]
[Black "Dionisi, Thomas"]
[Result "1-0"]
[WhiteElo "2465"]
[BlackElo "2410"]
[PlyCount "75"]
[EventDate "2025.05.22"]
[EventType "team-tourn"]
[EventRounds "7"]
[EventCountry "FRA"]
[SourceTitle "CB22_2025"]
[SourceDate "2025.05.28"]
[SourceVersion "1"]
[SourceVersionDate "2025.05.28"]
[SourceQuality "1"]
[WhiteTeam "Lyon"]
[BlackTeam "Bois Colombes"]
[WhiteTeamCountry "FRA"]
[BlackTeamCountry "FRA"]

1. e4 e5 2. Nf3 Nc6 3. Bb5 a6 4. Ba4 b5 5. Bb3 Na5 6. Nc3 d6 7. d4 exd4 8. Qxd4 Bb7 9. Bg5 Ne7 10. Nd5 Nxb3 11. axb3 f6 12. Bxf6 gxf6 13. Nxf6+ Kf7 14. Ng5+ Kg6 15. Ne6 Qc8 16. Nd5 Bxd5 17. exd5 Rg8 18. Qe4+ Kf7 19. Qf3+ Ke8 20. 0-0 Bg7 21. Qh5+ Kd7 22. Rae1 c6 23. Qxh7 Bf6 24. Qf7 Rxg2+ 25. Kxg2 Qg8+ 26. Qxg8 Rxg8+ 27. Kh1 Nxd5 28. c3 b4 29. c4 Ne7 30. Re2 Nf5 31. Rd1 Rh8 32. Rd3 Rh5 33. Nc5+ Kc8 34. Ne4 Be5 35. Ng3 Rg5 36. f4 Bxf4 37. Nxf5 Rxf5 38. Rf2 1-0

[Event "Budapest FS02 GM"]
[Site "Budapest"]
[Date "2025.02.08"]
[Round "9"]
[White "Ernst, Robert"]
[Black "Rathanvel, VS."]
[Result "1/2-1/2"]
[WhiteElo "2380"]
[BlackElo "2484"]
[PlyCount "42"]
[EventDate "2025.02.01"]
[EventType "tourn"]
[EventRounds "9"]
[EventCountry "HUN"]
[EventCategory "7"]
[SourceTitle "CB07_2025"]
[SourceDate "2025.02.12"]
[SourceVersion "1"]
[SourceVersionDate "2025.02.12"]
[SourceQuality "1"]

1. e4 c5 2. Nf3 d6 3. d4 cxd4 4. Nxd4 Nf6 5. Nc3 a6 6. f4 g6 7. e5 dxe5 8. fxe5 Ng4 9. e6 Bxe6 10. Be2 Nf6 11. Nxe6 Qxd1+ 12. Nxd1 fxe6 13. Nf2 Nbd7 14. Be3 Nd5 15. Bd2 Bg7 16. 0-0-0 Ne5 17. Nd3 Nd7 18. Nf2 Ne5 19. Nd3 Nd7 20. Nf2 Ne5 21. Nd3 Nd7 1/2-1/2

[Event "Budapest FS02 GM"]
[Site "Budapest"]
[Date "2025.02.03"]
[Round "3"]
[White "Gedajlovic, Max"]
[Black "Rathanvel, VS."]
[Result "1/2-1/2"]
[WhiteElo "2391"]
[BlackElo "2484"]
[PlyCount "60"]
[EventDate "2025.02.01"]
[EventType "tourn"]
[EventRounds "9"]
[EventCountry "HUN"]
[EventCategory "7"]
[SourceTitle "CB07_2025"]
[SourceDate "2025.02.12"]
[SourceVersion "1"]
[SourceVersionDate "2025.02.12"]
[SourceQuality "1"]

1. e4 c5 2. Nf3 Nc6 3. Bc4 e6 4. 0-0 Nf6 5. Re1 Nxe4 6. Rxe4 d5 7. Bxd5 Qxd5 8. Nc3 Qd7 9. d4 cxd4 10. Nxd4 Be7 11. Bf4 0-0 12. Nxc6 Qxc6 13. Qh5 b6 14. Rae1 Bb7 15. Qh3 b5 16. Qg3 Kh8 17. Bg5 Bxg5 18. Qxg5 f6 19. Qg3 e5 20. a4 Qc5 21. R4e2 b4 22. Nd1 Rad8 23. Qb3 a5 24. Ne3 Ba6 25. c4 f5 26. Qc2 e4 27. b3 Bb7 28. Rd1 f4 29. Nd5 Bxd5 30. cxd5 Rxd5 1/2-1/2

[Event "Budapest SixDays 01 GM-B"]
[Site "Budapest"]
[Date "2025.01.31"]
[Round "9"]
[White "Rathanvel, VS."]
[Black "Szpar, Milosz"]
[Result "0-1"]
[WhiteElo "2484"]
[BlackElo "2457"]
[PlyCount "88"]
[EventDate "2025.01.26"]
[EventType "tourn"]
[EventRounds "9"]
[EventCountry "HUN"]
[EventCategory "6"]
[SourceTitle "CB06_2025"]
[SourceDate "2025.02.05"]
[SourceVersion "1"]
[SourceVersionDate "2025.02.05"]
[SourceQuality "1"]

1. e4 c6 2. d4 d5 3. e5 c5 4. Nf3 cxd4 5. Qxd4 Nc6 6. Qf4 e6 7. Bd2 Nge7 8. Nc3 Ng6 9. Qg3 f6 10. Bb5 Be7 11. Bd3 Kf7 12. Bxg6+ hxg6 13. 0-0-0 Rh5 14. Ne2 fxe5 15. h4 Bf6 16. Ng5+ Kg8 17. f4 e4 18. Bc3 Qe8 19. Be5 Bd8 20. Nd4 Nxe5 21. fxe5 Bd7 22. Rdf1 Bb6 23. c3 Qe7 24. Rf2 Rc8 25. Kb1 Bxd4 26. cxd4 Bb5 27. a3 Bd3+ 28. Ka2 b5 29. Qf4 b4 30. Rc1 Rb8 31. Rc5 b3+ 32. Ka1 Bc2 33. g3 Rf8 34. Qxf8+ Qxf8 35. Rxf8+ Kxf8 36. Nxe6+ Kf7 37. Ng5+ Rxg5 38. hxg5 e3 39. Rc3 e2 40. Re3 Bd3 41. e6+ Ke7 42. a4 a5 43. g4 Kd8 44. e7+ Ke8 0-1

[Event "Budapest SixDays 01 GM-B"]
[Site "Budapest"]
[Date "2025.01.27"]
[Round "2"]
[White "Rathanvel, VS."]
[Black "Berczes, David"]
[Result "1/2-1/2"]
[WhiteElo "2484"]
[BlackElo "2406"]
[PlyCount "58"]
[EventDate "2025.01.26"]
[EventType "tourn"]
[EventRounds "9"]
[EventCountry "HUN"]
[EventCategory "6"]
[SourceTitle "CB06_2025"]
[SourceDate "2025.02.05"]
[SourceVersion "1"]
[SourceVersionDate "2025.02.05"]
[SourceQuality "1"]

1. e4 c5 2. Nf3 e6 3. d4 cxd4 4. Nxd4 Nf6 5. Nc3 Nc6 6. Ndb5 Bb4 7. a3 Bxc3+ 8. Nxc3 d5 9. exd5 exd5 10. Bd3 0-0 11. 0-0 Bg4 12. f3 Bh5 13. Bg5 Qb6+ 14. Kh1 Ne4 15. Nxe4 dxe4 16. Bxe4 Bg6 17. Bxg6 hxg6 18. b3 Rfe8 19. Bh4 Qd4 20. Bf2 Qxd1 21. Raxd1 Re2 22. Rd7 b6 23. c4 Ra2 24. Rc7 Nd8 25. a4 Rb2 26. Re7 Nc6 27. Rc7 Nd8 28. Re7 Nc6 29. Rc7 Nd8 1/2-1/2

[Event "Marburg op"]
[Site "Marburg"]
[Date "2024.10.26"]
[Round "5"]
[White "Rathanvel, VS."]
[Black "Bernadskiy, Vitaliy"]
[Result "1/2-1/2"]
[WhiteElo "2482"]
[BlackElo "2530"]
[PlyCount "48"]
[EventDate "2024.10.24"]
[EventType "swiss"]
[EventRounds "7"]
[EventCountry "GER"]
[SourceTitle "CB16_2025"]
[SourceDate "2025.04.16"]
[SourceVersion "1"]
[SourceVersionDate "2025.04.16"]
[SourceQuality "1"]

1. e4 e5 2. Nf3 Nc6 3. Bb5 a6 4. Ba4 Nf6 5. 0-0 Be7 6. Re1 b5 7. Bb3 0-0 8. a4 b4 9. d4 d6 10. dxe5 Nxe5 11. Bf4 Ng6 12. Bg3 Bb7 13. Nbd2 Nh5 14. Nc4 a5 15. e5 Nxg3 16. hxg3 Bxf3 17. gxf3 dxe5 18. Nxe5 Nxe5 19. Rxe5 Bd6 20. Rd5 Qf6 21. Qd4 Qxd4 22. Rxd4 Rfd8 23. Rad1 Kf8 24. f4 Be7 1/2-1/2

[Event "Marburg op"]
[Site "Marburg"]
[Date "2024.10.25"]
[Round "2"]
[White "Forster, Lukas"]
[Black "Rathanvel, VS."]
[Result "0-1"]
[WhiteElo "2022"]
[BlackElo "2482"]
[PlyCount "64"]
[EventDate "2024.10.24"]
[EventType "swiss"]
[EventRounds "7"]
[EventCountry "GER"]
[SourceTitle "CB16_2025"]
[SourceDate "2025.04.16"]
[SourceVersion "1"]
[SourceVersionDate "2025.04.16"]
[SourceQuality "1"]

1. e4 c5 2. Nf3 d6 3. d4 cxd4 4. Nxd4 Nf6 5. Nc3 a6 6. h3 e5 7. Nb3 Be7 8. Be3 h6 9. Qf3 b5 10. g4 b4 11. Nd5 Nxd5 12. exd5 a5 13. Nd2 a4 14. Ne4 Qc7 15. Bd3 Ba6 16. Rc1 Nd7 17. 0-0 Qb7 18. Bxa6 Rxa6 19. Rfd1 0-0 20. Ng3 Rc8 21. Nf5 Bf8 22. Qe4 Ra5 23. Bd2 Rb5 24. c4 bxc3 25. Bxc3 a3 26. bxa3 Nf6 27. Qf3 Nxd5 28. Ba1 Rxc1 29. Rxc1 Rb1 30. Rxb1 Qxb1+ 31. Kh2 Qxa2 32. Ng3 Nf4 0-1

[Event "Abu Dhabi op-A 30th"]
[Site "Abu Dhabi"]
[Date "2024.08.20"]
[Round "5"]
[White "Tanriverdi, Enes"]
[Black "Rathanvel, VS."]
[Result "1/2-1/2"]
[WhiteElo "2384"]
[BlackElo "2474"]
[PlyCount "85"]
[EventDate "2024.08.15"]
[EventType "swiss"]
[EventRounds "9"]
[EventCountry "UAE"]
[SourceTitle "EXT 2025"]
[Source "ChessBase"]
[SourceDate "2024.10.14"]
[SourceVersion "1"]
[SourceVersionDate "2024.10.14"]
[SourceQuality "1"]

1. e4 c5 2. Nf3 d6 3. d4 cxd4 4. Nxd4 Nf6 5. Nc3 a6 6. Bd3 e5 7. Nde2 Be7 8. 0-0 0-0 9. Ng3 Bg4 10. f3 Be6 11. Nd5 Nxd5 12. exd5 Bxd5 13. Bxh7+ Kxh7 14. Qxd5 Nc6 15. f4 f5 16. Be3 g6 17. Ne2 Qa5 18. Nc3 Qxd5 19. Nxd5 Bd8 20. Rad1 Rf7 21. Nb6 Bxb6 22. Bxb6 Rd7 23. fxe5 Nxe5 24. b3 Re8 25. h3 Nf7 26. Rfe1 Rde7 27. Rxe7 Rxe7 28. Kf1 g5 29. c4 Kg6 30. Rd5 Re5 31. Rd2 f4 32. Bd4 Re6 33. Bb2 Nh6 34. Bd4 Nf5 35. Bf2 Re5 36. Rd3 Kh5 37. g4+ fxg3 38. Bxg3 Nxg3+ 39. Rxg3 d5 40. Rg4 dxc4 41. Rxc4 Re3 42. Rc7 Rxh3 43. Rxb7 1/2-1/2

[Event "Riga Tech op-A"]
[Site "Riga"]
[Date "2024.08.10"]
[Round "8"]
[White "Theodorou, Nikolas"]
[Black "Rathanvel, VS."]
[Result "1-0"]
[WhiteElo "2619"]
[BlackElo "2474"]
[PlyCount "83"]
[EventDate "2024.08.05"]
[EventType "swiss"]
[EventRounds "9"]
[EventCountry "LAT"]
[SourceTitle "CBM 221 Extra"]
[Source "ChessBase"]
[SourceDate "2024.09.30"]
[SourceVersion "1"]
[SourceVersionDate "2024.09.30"]
[SourceQuality "1"]

1. d4 Nf6 2. c4 e6 3. Nf3 d5 4. Nc3 Bb4 5. cxd5 exd5 6. Qa4+ Nc6 7. Bg5 h6 8. Bxf6 Qxf6 9. e3 0-0 10. Be2 Rd8 11. 0-0 Bf8 12. Rfc1 Ne7 13. b4 c6 14. b5 Ng6 15. bxc6 bxc6 16. Qd1 Bd7 17. Na4 Rab8 18. Nc5 Bxc5 19. Rxc5 Rb2 20. Rc2 Rdb8 21. Rac1 R8b6 22. h3 Bf5 23. Bd3 Rxc2 24. Rxc2 Bxd3 25. Qxd3 Nh4 26. Nxh4 Qxh4 27. Qf5 Qd8 28. g4 Qe8 29. Kg2 g6 30. Qf4 Kg7 31. Kg3 Qe7 32. h4 g5 33. hxg5 hxg5 34. Qf5 Qd6+ 35. Kg2 Qf6 36. Qd7 Qg6 37. Rc1 Qe4+ 38. Kg3 Ra6 39. Qd8 f6 40. Qd7+ Kg6 41. Qc8 Ra3 42. Qg8+ 1-0

[Event "Riga Tech op-A"]
[Site "Riga"]
[Date "2024.08.09"]
[Round "7"]
[White "Rathanvel, VS."]
[Black "Lamard, Guillaume"]
[Result "1-0"]
[WhiteElo "2474"]
[BlackElo "2510"]
[PlyCount "73"]
[EventDate "2024.08.05"]
[EventType "swiss"]
[EventRounds "9"]
[EventCountry "LAT"]
[SourceTitle "CBM 221 Extra"]
[Source "ChessBase"]
[SourceDate "2024.09.30"]
[SourceVersion "1"]
[SourceVersionDate "2024.09.30"]
[SourceQuality "1"]

1. e4 c5 2. Nf3 d6 3. d4 cxd4 4. Nxd4 Nf6 5. Nc3 a6 6. Be3 e5 7. Nb3 Be6 8. f3 h5 9. Nd5 Bxd5 10. exd5 Nbd7 11. Qd2 g6 12. 0-0-0 Bg7 13. Kb1 Rc8 14. h4 Nb6 15. Bg5 Qc7 16. c4 0-0 17. Rc1 e4 18. Rg1 Na4 19. Be3 Rfe8 20. Bd4 b6 21. Qf4 Qd8 22. Be2 Qe7 23. g4 Nc5 24. Nxc5 bxc5 25. Bxf6 Qxf6 26. Qxf6 Bxf6 27. gxh5 exf3 28. Bxf3 Re3 29. Rcf1 Rb8 30. b3 Bd4 31. hxg6 fxg6 32. Rxg6+ Kh7 33. Rxd6 Rbe8 34. Bg4 R8e5 35. Rxa6 Rg3 36. Bf5+ Kg7 37. h5 1-0

[Event "Benasque op 43rd"]
[Site "Benasque"]
[Date "2024.07.12"]
[Round "8"]
[White "Pranav, Anand"]
[Black "Rathanvel, VS."]
[Result "1-0"]
[WhiteElo "2540"]
[BlackElo "2474"]
[PlyCount "69"]
[EventDate "2024.07.05"]
[EventType "swiss"]
[EventRounds "10"]
[EventCountry "ESP"]
[SourceTitle "CBM 221 Extra"]
[Source "ChessBase"]
[SourceDate "2024.09.30"]
[SourceVersion "1"]
[SourceVersionDate "2024.09.30"]
[SourceQuality "1"]

1. e4 c5 2. Nf3 d6 3. d4 cxd4 4. Nxd4 Nf6 5. Nc3 a6 6. h3 e6 7. g4 d5 8. exd5 Nxd5 9. Nde2 Bb4 10. Bg2 0-0 11. 0-0 Nxc3 12. Nxc3 Qc7 13. Qd4 Nc6 14. Qc4 Bd6 15. Be3 Bd7 16. Ne4 b5 17. Qe2 Rfc8 18. Nxd6 Qxd6 19. Rfd1 Qe7 20. a4 Rab8 21. axb5 axb5 22. c3 Be8 23. g5 e5 24. h4 b4 25. c4 Rd8 26. Rd5 f5 27. gxf6 gxf6 28. Rad1 Kh8 29. b3 Qg7 30. Kh2 Qe7 31. Qg4 Qf7 32. Be4 Rxd5 33. Bxd5 Qg6 34. Qf3 Ne7 35. Rg1 1-0

[Event "Benasque op 43rd"]
[Site "Benasque"]
[Date "2024.07.11"]
[Round "7"]
[White "Rathanvel, VS."]
[Black "Gopal, Geetha Narayanan"]
[Result "1/2-1/2"]
[WhiteElo "2474"]
[BlackElo "2564"]
[PlyCount "57"]
[EventDate "2024.07.05"]
[EventType "swiss"]
[EventRounds "10"]
[EventCountry "ESP"]
[SourceTitle "CBM 221 Extra"]
[Source "ChessBase"]
[SourceDate "2024.09.30"]
[SourceVersion "1"]
[SourceVersionDate "2024.09.30"]
[SourceQuality "1"]

1. e4 c5 2. Nf3 d6 3. d4 cxd4 4. Nxd4 Nf6 5. Nc3 a6 6. Be3 e5 7. Nb3 Be6 8. Qd2 Nbd7 9. 0-0-0 Be7 10. f3 h5 11. Nd5 Nxd5 12. exd5 Bf5 13. Bd3 Bxd3 14. Qxd3 Bg5 15. Kb1 Bxe3 16. Qxe3 0-0 17. g4 hxg4 18. fxg4 Rc8 19. Nd2 Qc7 20. c3 Nc5 21. h4 f5 22. gxf5 Rxf5 23. Rhg1 Rcf8 24. Rg3 R8f7 25. Rdg1 a5 26. Qe2 Kf8 27. h5 R5f6 28. Qb5 a4 29. a3 1/2-1/2

[Event "Benasque op 43rd"]
[Site "Benasque"]
[Date "2024.07.10"]
[Round "6"]
[White "Sethuraman, SP."]
[Black "Rathanvel, VS."]
[Result "0-1"]
[WhiteElo "2589"]
[BlackElo "2474"]
[PlyCount "70"]
[EventDate "2024.07.05"]
[EventType "swiss"]
[EventRounds "10"]
[EventCountry "ESP"]
[SourceTitle "CBM 221 Extra"]
[Source "ChessBase"]
[SourceDate "2024.09.30"]
[SourceVersion "1"]
[SourceVersionDate "2024.09.30"]
[SourceQuality "1"]

1. d4 d5 2. c4 dxc4 3. e4 b5 4. a4 c6 5. axb5 cxb5 6. Nc3 Qb6 7. Nd5 Qb7 8. Bf4 e5 9. Bxe5 Nd7 10. Bf4 Ngf6 11. Nc7+ Kd8 12. Nxa8 Qxe4+ 13. Ne2 Qxa8 14. Nc3 Bb4 15. Be2 Qxg2 16. Bf3 Re8+ 17. Be5 Qh3 18. Rxa7 Nxe5 19. dxe5+ Nd7 20. Kd2 Rxe5 21. Kc1 Bxc3 22. bxc3 Rf5 23. Bg4 Qxc3+ 24. Qc2 Qxc2+ 25. Kxc2 Rxf2+ 26. Kc3 Ne5 27. Rd1+ Nd3 28. Bxc8 Kxc8 29. Rg1 Ne5 30. Raa1 Nc6 31. Raf1 Rxh2 32. Rg3 g6 33. Re3 f5 34. Rb1 f4 35. Rf3 b4+ 0-1

[Event "Dubai op-A 24th"]
[Site "Dubai"]
[Date "2024.05.31"]
[Round "7"]
[White "Rathanvel, VS."]
[Black "Xie, Kaifan"]
[Result "1/2-1/2"]
[WhiteElo "2471"]
[BlackElo "2376"]
[PlyCount "60"]
[EventDate "2024.05.25"]
[EventType "swiss"]
[EventRounds "9"]
[EventCountry "UAE"]
[SourceTitle "CBM 220 Extra"]
[Source "ChessBase"]
[SourceDate "2024.07.31"]
[SourceVersion "1"]
[SourceVersionDate "2024.07.31"]
[SourceQuality "1"]

1. e4 c6 2. d4 d5 3. e5 Bf5 4. Nd2 e6 5. Nb3 Nd7 6. Nf3 Qc7 7. Nh4 Be4 8. f3 Bg6 9. Be3 c5 10. Nxg6 hxg6 11. c3 cxd4 12. cxd4 Ne7 13. a3 Qb6 14. Bf2 a5 15. Nc5 Nxc5 16. dxc5 Qc7 17. f4 Nc6 18. b4 Be7 19. b5 Nb8 20. Rc1 0-0 21. a4 Nd7 22. b6 Qd8 23. Bb5 Rc8 24. Bxd7 Qxd7 25. 0-0 Rc6 26. Qd2 Rfc8 27. Qxa5 d4 28. Qb5 Qd5 29. Qd3 Bxc5 30. a5 Ra8 1/2-1/2

[Event "Dubai op-A 24th"]
[Site "Dubai"]
[Date "2024.05.30"]
[Round "6"]
[White "Vakhidov, Jahongir"]
[Black "Rathanvel, VS."]
[Result "1-0"]
[WhiteElo "2599"]
[BlackElo "2471"]
[PlyCount "63"]
[EventDate "2024.05.25"]
[EventType "swiss"]
[EventRounds "9"]
[EventCountry "UAE"]
[SourceTitle "CBM 220 Extra"]
[Source "ChessBase"]
[SourceDate "2024.07.31"]
[SourceVersion "1"]
[SourceVersionDate "2024.07.31"]
[SourceQuality "1"]

1. d4 Nf6 2. c4 e6 3. Nc3 d5 4. cxd5 Nxd5 5. e4 Nxc3 6. bxc3 c5 7. Rb1 Be7 8. Nf3 0-0 9. Bc4 Qc7 10. Bb3 b6 11. 0-0 Nc6 12. d5 Na5 13. Bc2 Ba6 14. e5 exd5 15. Re1 Rae8 16. h3 d4 17. cxd4 cxd4 18. Be4 h6 19. Nxd4 Rd8 20. Bxh6 Rxd4 21. Qxd4 gxh6 22. Qe3 Bg5 23. Qg3 Kh8 24. Rbd1 Qe7 25. Bb1 Rg8 26. Qf3 Bb7 27. Qf5 Rg7 28. e6 Bh4 29. g4 Nc6 30. Rd7 fxe6 31. Rxe6 Qg5 32. Re8+ 1-0

[Event "Dubai op-A 24th"]
[Site "Dubai"]
[Date "2024.05.28"]
[Round "4"]
[White "Grivas, Efstratios"]
[Black "Rathanvel, VS."]
[Result "0-1"]
[WhiteElo "2396"]
[BlackElo "2471"]
[PlyCount "68"]
[EventDate "2024.05.25"]
[EventType "swiss"]
[EventRounds "9"]
[EventCountry "UAE"]
[SourceTitle "CBM 220 Extra"]
[Source "ChessBase"]
[SourceDate "2024.07.31"]
[SourceVersion "1"]
[SourceVersionDate "2024.07.31"]
[SourceQuality "1"]

1. d4 Nf6 2. Nf3 d5 3. g3 b5 4. Bg2 e6 5. 0-0 Be7 6. Bg5 Nbd7 7. Qd3 a6 8. a4 b4 9. Nbd2 a5 10. c4 bxc3 11. Qxc3 c5 12. dxc5 Nxc5 13. Bxf6 gxf6 14. e4 Bb7 15. exd5 Bxd5 16. Nd4 0-0 17. Nc4 Ne4 18. Bxe4 Bxe4 19. Rfd1 Qc7 20. Rac1 Rfd8 21. Nb5 Qc5 22. Rxd8+ Rxd8 23. Qxa5 Ba8 24. Qc3 Qh5 25. f3 Bxf3 26. Ne3 Be4 27. Nd4 Bf8 28. b4 e5 29. g4 exd4 30. gxh5 dxc3 31. Rxc3 f5 32. b5 Bg7 33. Rb3 f4 34. Nc4 Bd4+ 0-1

[Event "Dubai Police op-A"]
[Site "Dubai"]
[Date "2024.05.10"]
[Round "7"]
[White "Safarli, Eltaj"]
[Black "Rathanvel, VS."]
[Result "1-0"]
[WhiteElo "2597"]
[BlackElo "2472"]
[PlyCount "97"]
[EventDate "2024.05.04"]
[EventType "swiss"]
[EventRounds "9"]
[EventCountry "UAE"]
[SourceTitle "CBM 220 Extra"]
[Source "ChessBase"]
[SourceDate "2024.07.31"]
[SourceVersion "1"]
[SourceVersionDate "2024.07.31"]
[SourceQuality "1"]

1. e4 c5 2. Nf3 d6 3. d4 cxd4 4. Nxd4 Nf6 5. Nc3 a6 6. Bd3 e5 7. Nde2 Be7 8. 0-0 0-0 9. Ng3 g6 10. h3 Be6 11. Bh6 Re8 12. Qd2 Nbd7 13. Rad1 Rc8 14. Kh1 Kh8 15. a3 Qb6 16. Qc1 Qc6 17. f4 exf4 18. Bxf4 Ne5 19. Nge2 Nfd7 20. Bh6 Bf6 21. Nf4 Bg7 22. Bxg7+ Kxg7 23. Rf2 Qb6 24. Rdf1 Bc4 25. Bxc4 Rxc4 26. Nh5+ gxh5 27. Qg5+ Kf8 28. Qxh5 Qxf2 29. Rxf2 Kg7 30. Qf5 Re6 31. Nd5 Rc5 32. b4 Rxd5 33. exd5 Rg6 34. c4 b6 35. Qc2 Rg3 36. Qa4 Rc3 37. Qxa6 Rxc4 38. Qb5 Rc3 39. a4 h5 40. Qe2 h4 41. Rf4 Ra3 42. Rxh4 Rxa4 43. Qh5 Ng6 44. Qh6+ Kg8 45. Rc4 b5 46. Rc8+ Ndf8 47. h4 Rxb4 48. h5 Rh4+ 49. Kg1 1-0

[Event "Dubai Police op-A"]
[Site "Dubai"]
[Date "2024.05.05"]
[Round "2"]
[White "Rathanvel, VS."]
[Black "Yakubbaeva, Nilufar"]
[Result "1-0"]
[WhiteElo "2472"]
[BlackElo "2285"]
[PlyCount "159"]
[EventDate "2024.05.04"]
[EventType "swiss"]
[EventRounds "9"]
[EventCountry "UAE"]
[SourceTitle "CBM 220 Extra"]
[Source "ChessBase"]
[SourceDate "2024.07.31"]
[SourceVersion "1"]
[SourceVersionDate "2024.07.31"]
[SourceQuality "1"]

1. e4 e5 2. Nf3 Nc6 3. Bb5 Nf6 4. d3 Bc5 5. Bxc6 dxc6 6. 0-0 Qe7 7. Nbd2 0-0 8. Nc4 Nd7 9. c3 a5 10. d4 Bd6 11. Re1 c5 12. dxe5 Bxe5 13. Ne3 Nb6 14. Nd5 Nxd5 15. Qxd5 Re8 16. Be3 c6 17. Qxc5 Bd6 18. Qd4 c5 19. Qd3 Bg4 20. Nd2 Bc7 21. f4 Rad8 22. Qf1 Bd7 23. Qf2 b6 24. f5 Bc6 25. Bf4 f6 26. Bxc7 Qxc7 27. Re3 Qd7 28. Re2 Bb5 29. c4 Bc6 30. Rae1 Qd3 31. b3 a4 32. Qf3 Qd4+ 33. Rf2 axb3 34. axb3 b5 35. cxb5 Bxb5 36. Qe3 Qb4 37. Rc1 Rd4 38. h3 Bc6 39. Qc3 Re5 40. Qxb4 Rxb4 41. Nf3 Rexe4 42. Rxc5 Bb7 43. Rd2 Re7 44. Nd4 Rd7 45. Rc4 Rb6 46. Kf2 Kf7 47. g4 g6 48. fxg6+ hxg6 49. Nf3 Re7 50. Rc3 Rb5 51. Rcd3 Rb4 52. Rc3 g5 53. Rd4 Rb6 54. Rdc4 Bxf3 55. Kxf3 Reb7 56. Rc7+ Ke6 57. Rxb7 Rxb7 58. Ke4 Rb4+ 59. Kd3 f5 60. gxf5+ Kxf5 61. Kc2 g4 62. hxg4+ Rxg4 63. Kb2 Ke5 64. Ka3 Kd5 65. b4 Rg8 66. b5 Kd6 67. Kb4 Kd7 68. Ka5 Ra8+ 69. Kb6 Rb8+ 70. Ka6 Ra8+ 71. Kb7 Ra4 72. Rd3+ Ke7 73. b6 Rb4 74. Ka7 Ra4+ 75. Kb8 Rb4 76. b7 Ra4 77. Kc7 Rc4+ 78. Kb6 Rb4+ 79. Kc6 Rb1 80. Rd5 1-0

[Event "Titled Tuesday intern op 20th Feb Early"]
[Site "Chess.com INT"]
[Date "2024.02.20"]
[Round "3"]
[White "Andreikin, Dmitry"]
[Black "Rathanvel, VS."]
[Result "1-0"]
[WhiteElo "2729"]
[BlackElo "2474"]
[PlyCount "47"]
[EventDate "2024.02.20"]
[EventType "swiss (blitz)"]
[EventRounds "11"]
[EventCountry "USA"]
[SourceTitle "EXT 2025"]
[Source "ChessBase"]
[SourceDate "2024.10.14"]
[SourceVersion "1"]
[SourceVersionDate "2024.10.14"]
[SourceQuality "1"]

1. d4 Nf6 2. c4 g6 3. Nc3 d5 4. cxd5 Nxd5 5. e4 Nxc3 6. bxc3 Bg7 7. Nf3 0-0 8. Be3 c5 9. Qd2 Qa5 10. Rc1 Bg4 11. Ng5 cxd4 12. cxd4 Qxd2+ 13. Kxd2 Nc6 14. h3 Bd7 15. d5 Nb4 16. a3 Na6 17. Bxa6 bxa6 18. Rc7 Bb5 19. Rhc1 Be5 20. Rxe7 Bd6 21. Rcc7 Rfe8 22. Rxf7 Bxc7 23. Rxc7 Rad8 24. Nxh7 1-0

[Event "Titled Tuesday intern op 20th Feb Early"]
[Site "Chess.com INT"]
[Date "2024.02.20"]
[Round "4"]
[White "Rathanvel, VS."]
[Black "Erzhanov, Arman"]
[Result "1-0"]
[WhiteElo "2474"]
[BlackElo "2156"]
[PlyCount "113"]
[EventDate "2024.02.20"]
[EventType "swiss (blitz)"]
[EventRounds "11"]
[EventCountry "USA"]
[SourceTitle "EXT 2025"]
[Source "ChessBase"]
[SourceDate "2024.10.14"]
[SourceVersion "1"]
[SourceVersionDate "2024.10.14"]
[SourceQuality "1"]

1. Nf3 d6 2. c4 e5 3. Nc3 g6 4. h4 h6 5. d4 Nd7 6. dxe5 dxe5 7. Be3 Ngf6 8. Qc2 Ng4 9. 0-0-0 Nxe3 10. fxe3 Bg7 11. h5 g5 12. g3 c6 13. Bh3 Qe7 14. Ne4 0-0 15. Nd6 Nb6 16. Bxc8 Nxc8 17. Nf5 Qe6 18. e4 Nb6 19. c5 Nc8 20. Kb1 b6 21. a3 Rb8 22. Rd3 bxc5 23. Qxc5 Rb5 24. Qc2 Nb6 25. Rd6 Qb3 26. Qxb3 Rxb3 27. Ka2 Rb5 28. b3 Kh7 29. Rxc6 Rd8 30. Rhc1 Bf8 31. Rc7 Kg8 32. Rxa7 Rb8 33. Rcc7 Nc8 34. b4 Nxa7 35. Rxa7 Rc8 36. Ne1 Rc1 37. Nd3 Rc2+ 38. Kb3 Rxe2 39. Ra8 Rb6 40. Nc5 Rd2 41. Kc3 Rd1 42. Kc2 Rdd6 43. Nxd6 Rxd6 44. Nd3 f6 45. Nc5 Kf7 46. Ra7+ Kg8 47. Rd7 Rc6 48. Rd5 Kf7 49. Kb3 Bxc5 50. Rxc5 Rd6 51. b5 Rd3+ 52. Rc3 Rd1 53. a4 Rb1+ 54. Kc4 f5 55. exf5 Kf6 56. Kc5 Kxf5 57. b6 1-0

[Event "Titled Tuesday intern op 20th Feb Early"]
[Site "Chess.com INT"]
[Date "2024.02.20"]
[Round "6"]
[White "Rathanvel, VS."]
[Black "Kamsky, Gata"]
[Result "1-0"]
[WhiteElo "2474"]
[BlackElo "2623"]
[PlyCount "111"]
[EventDate "2024.02.20"]
[EventType "swiss (blitz)"]
[EventRounds "11"]
[EventCountry "USA"]
[SourceTitle "EXT 2025"]
[Source "ChessBase"]
[SourceDate "2024.10.14"]
[SourceVersion "1"]
[SourceVersionDate "2024.10.14"]
[SourceQuality "1"]

1. e4 e5 2. Nf3 Nc6 3. Bb5 Nf6 4. Nc3 Nd4 5. Bc4 Bc5 6. 0-0 d6 7. h3 Be6 8. Bxe6 Nxe6 9. d3 a6 10. Be3 Bxe3 11. fxe3 0-0 12. Qe1 Nd7 13. Qg3 b5 14. Rf2 b4 15. Ne2 Kh8 16. Raf1 Qe7 17. Nh4 g6 18. Qg4 Ng7 19. d4 Kg8 20. d5 Kh8 21. Ng3 a5 22. Ne2 a4 23. Rf3 Rab8 24. R3f2 Rbc8 25. c3 bxc3 26. Nxc3 Ra8 27. Nf3 f5 28. exf5 Nxf5 29. Re1 Nc5 30. Qc4 Rfb8 31. e4 Ng3 32. Nd2 Nh5 33. Ref1 Nf4 34. Ne2 Ncd3 35. Nxf4 Nxf4 36. Qc3 Kg8 37. Kh2 Nh5 38. Nc4 Rf8 39. Na5 Rxf2 40. Rxf2 Qh4 41. Qf3 Qf4+ 42. Qxf4 exf4 43. Nc6 Re8 44. Rf3 Rxe4 45. b3 axb3 46. Rxb3 Re2 47. a4 Ra2 48. a5 Ng3 49. Rb4 g5 50. h4 h6 51. hxg5 hxg5 52. Kh3 Kf7 53. Rb7 Kg6 54. Rxc7 Ra1 55. Kg4 Rh1 56. Rd7 1-0

[Event "Titled Tuesday intern op 20th Feb Early"]
[Site "Chess.com INT"]
[Date "2024.02.20"]
[Round "1"]
[White "Rathanvel, VS."]
[Black "Luong, Phuong Hanh"]
[Result "1-0"]
[WhiteElo "2474"]
[BlackElo "2051"]
[PlyCount "67"]
[EventDate "2024.02.20"]
[EventType "swiss (blitz)"]
[EventRounds "11"]
[EventCountry "USA"]
[SourceTitle "EXT 2025"]
[Source "ChessBase"]
[SourceDate "2024.10.14"]
[SourceVersion "1"]
[SourceVersionDate "2024.10.14"]
[SourceQuality "1"]

1. e4 c5 2. Nf3 e6 3. c4 Nc6 4. Nc3 d6 5. d4 cxd4 6. Nxd4 Nf6 7. Be2 Be7 8. 0-0 0-0 9. Be3 Bd7 10. Qd2 Rc8 11. f4 Nxd4 12. Bxd4 Bc6 13. Qe3 d5 14. e5 Ne4 15. Nxe4 dxe4 16. Bxa7 Qa5 17. Bb6 Qb4 18. a3 Qxb2 19. Rfb1 Qc2 20. Rc1 Qa4 21. g4 Ra8 22. f5 exf5 23. gxf5 Ra6 24. Bd4 Rd8 25. f6 Bf8 26. e6 fxe6 27. fxg7 Be7 28. Rf1 Qa5 29. c5 Rxd4 30. Qxd4 Ra8 31. Bc4 Bd5 32. Bxd5 exd5 33. Qxd5+ Kxg7 34. Qe5+ 1-0